Quizzes
Events
Quiz Creation
Community
Videos
Private Events
Remove Ads
Sign In
Join for FREE
Feedback
Dark Mode
Quiz Categories
Sports
Geography
Music
Movies
Television
Just For Fun
Miscellaneous
History
Literature
Language
Science
Gaming
Entertainment
Religion
Holiday
For Kids
Quiz Lab
Recent
Popular Today
Quiz Kudos Today
Editor Picks
Curator Picks
Quizzes by...
Day
Popularity
Type
Ratings
Length
Year
Community
Subscriptions
Recent Discussions
Orange Saloon
Badges
Playlists
Quests
Create
Leaderboards
Showdown
Live 5
Trivia Bingo
Activity
Puzzle Library
Sporcle Events
Private Events
Virtual Trivia
Globe League
Become a Host
Pub Owners
SporcleCon
Opinionation
Our Games
Videos
Blog
Mobile Apps
Partnerships
Remove Ads and Go Orange
Feedback
Music
Pop Music
The Beatles
Song
Album
Lyrics
Bands
Singers
Artist
Clip
Rock
Rap
Classical
Billboard
Country Music
Kpop
Taylor Swift
Music
Pop Music
The Beatles
Song
Album
Lyrics
Bands
Singers
Artist
Clip
Rock
Rap
Classical
Billboard
Country Music
Kpop
Taylor Swift
Random Quiz
Search Sporcle
×
Quiz Lab
Quiz Lab
Music
Lyrics
Type in answers that appear in a list
Type in answers that appear in a list
Classic
Best Score? Go Orange.
I Will Lyrics Stats
Can you name the lyrics to 'I Will'?
By
Bobafett2
6m
61 Questions
80 Plays
80 Plays
80 Plays
Comments
Comments
Give Quiz Kudos
Give Quiz Kudos
-
- Ratings
hide this ad
More Info
Replay
Link that replays current quiz
Next Quiz
Link to next quiz in quiz playlist
You Got
0%
They Got
Avg Score
83%
Avg Friend Score
Upgrade to see
Score Distribution
Jump to the score distribution portion of the page
Score
0/61
Timer
06:00
0
Plays Today
% Correct
will
96.3%
will
96.3%
me
93.8%
I
92.5%
Lay
92.5%
down
92.5%
I
92.5%
I
92.5%
In
91.3%
a
91.3%
the
91.3%
eyes,
90%
eyes,
90%
eyes,
90%
eyes,
90%
eyes,
90%
eyes,
90%
eyes,
90%
eyes,
90%
eyes,
90%
eyes,
90%
eyes,
90%
eyes,
90%
eyes,
90%
eyes,
90%
eyes,
90%
eyes,
90%
eyes,
90%
eyes,
90%
Little
88.8%
babies'
88.8%
% Correct
Little
88.8%
babies'
88.8%
Little
88.8%
babies'
88.8%
Little
88.8%
babies'
88.8%
bunker
87.5%
Underground
87.5%
let
87.5%
this
87.5%
to
87.5%
my
87.5%
won't
86.3%
children
86.3%
happen
85%
out
72.5%
of
72.5%
up
71.3%
white
68.8%
Rise
68.8%
With
67.5%
elephants
67.5%
your
66.3%
shell
63.8%
world
61.3%
coming
61.3%
Sitting
61.3%
ducks
61.3%
real
58.8%
Meet
50%
Quiz Playlist
Details
Report
Send in Message
Add To Playlist
More Info:
Lyrics to the Radiohead song "I Will".
Classic:
Type in answers that appear in a list
Quiz Source
Last Updated: Feb 16, 2017
Quiz Scoreboard
CHALLENGE
Sign Up to Join the Scoreboard
Show All
Scores
Hide
Comments
May contain spoilers
Recently Published
Presidents Visiting Landmarks
by Hejman
History
7m
An Introduction to Baseball
by treessimontrees
Sports
5m
Movies - When Are They Set?
by FPL_Elf
Movies
5m
More to Explore
Quiz From the Vault
Featured Blog Post
Where Did the Easter Bunny Come From?
hide this ad
You Might Also Like...
Tags
Lyrics Quiz
Alt Rock
Radiohead
Today's Top Quizzes in Music
Browse Music
hide this ad
Today's Top Quizzes in Lyrics
Browse Lyrics
Top Contributed Quizzes in Music
1
Taylor Swift All Songs (2024)
2
Guess the Artist- 70s Songs
3
Taylor Swift Logic Puzzle
4
KPOP LOGIC QUIZ
5
One Thing in Common: Music
6
2010s Album by Cover III
7
7-to-1: Billboard Hot 100 #1 Hits of 2010s
8
Guess the Taylor Swift song (Mystery Song)
9
Sorting Albums and Songs
10
2000s Album Cover Bunker
Explore More
Trending Topics
Anime
NBA
Disney
Harry Potter
Marvel
Kpop
Crossword
Song
Pokémon
NFL
The Office
WWE
Country
Puzzle
Soccer
hide this ad
More By:
Bobafett2
Quiz
Plays
Rating
Category
Featured
Created
The Killers: Read My Mind Lyrics
1,916
5.00
Music
Nov 9, 2015
Exit Music (For a Film) Lyrics
800
5.00
Music
Nov 2, 2015
Radiohead: Let Down Lyrics
779
4.86
Music
Oct 31, 2015
Death Note Grab Bag
729
Literature
Aug 30, 2014
Weird Fishes/Arpeggi Lyrics
494
4.29
Music
Nov 2, 2015
Go to Creator's Profile
Score Distribution
Quiz Creator Spotlight
Bobafett2
Follow
Send a Message
Quizzes Created
-
Created Quiz Play Count
-
More By This Creator
Popular Quizzes Today
1
Find the US States - No Outlines Minefield
2
Find the Countries of Europe - No Outlines Minefield
3
The Countries of the World
4
Find the US States
5
Popular People in 1961
6
US States
7
Risky Map Clicking: Biggest States A-Z
8
Movies - When Are They Set?
More Music Quizzes
Taylor Swift's Speak Now Secret Messages
Quiz Lab
Trending Quizzes
Risky Map Clicking: Least Populous States A-Z
1-10 Letter G Words
1-10 Letter F Words
Risky Map Clicking: Next State Alphabetically
Risky Map Clicking: Biggest States A-Z
Recently Updated
Leaping Animals
pecheneg
Reality TV Shows (A-Z)
bhenderson79
Rickey Henderson's Hall of Fame Teammates
pecheneg
Champions League XIs: Arsenal
pecheneg
Quick Pick: Celebrities in WWE's Hall of Fame
aduchscher
A-Z Keypad Blitz II
pecheneg
Multiple Oscar Actors
pecheneg
Mystery Phrase Blitz: Oscar 'Best Actors'
pecheneg
F. Scott Fitzgerald Novels
LTH
Pick 3 Villains
ddd62291
Trending Topics
NBA
Marvel
Anime
Disney
Kpop
Harry Potter
Crossword
Pokémon
Soccer
NFL
The Office
Country
WWE
Puzzle
Song
Your Account Isn't Verified!
In order to create a playlist on Sporcle, you need to verify the email address you used during registration. Go to your
Sporcle Settings
to finish the process.
Report this User
Report this user for behavior that violates our
Community Guidelines
.
Details:
Send Report
Go to the Sporcle.com Mobile Site →
Comments